Central Library OPAC University of Rajshahi

A new approach to industrial economics / (Record no. 60969)

MARC details
000 -LEADER
fixed length control field 00653nam a2200217 a 4500
001 - CONTROL NUMBER
control field 60969
003 - CONTROL NUMBER IDENTIFIER
rucl marc code BD-RjUL
005 - DATE AND TIME OF LATEST TRANSACTION
control field 20211209080916.0
008 - FIXED-LENGTH DATA ELEMENTS--GENERAL INFORMATION
fixed length control field 170104s1961 nyua 000 0 eng
035 ## - SYSTEM CONTROL NUMBER
System control number (BD-RjUL)61093
040 ## - CATALOGING SOURCE
Original cataloging agency DLC/ICU
Transcribing agency ICU
Modifying agency BD-RjUL
Language of cataloging eng
041 ## - LANGUAGE CODE
Language code of text/sound track or separate title eng
082 00 - DEWEY DECIMAL CLASSIFICATION NUMBER
Classification number 658.3152
Edition number 23
Author mark and year LIN 1961
100 1# - MAIN ENTRY--PERSONAL NAME
Personal name Lincoln, James Finney,
Dates associated with a name 1883-
9 (RLIN) 181814
245 12 - TITLE STATEMENT
Title A new approach to industrial economics /
Statement of responsibility, etc. James Finney Lincoln
260 ## - PUBLICATION, DISTRIBUTION, ETC. (IMPRINT)
Place of publication, distribution, etc. New York :
Name of publisher, distributor, etc. Devin-Adair,
Date of publication, distribution, etc. 1961.
300 ## - PHYSICAL DESCRIPTION
Pagination 166 p.
Illustrations ill. ;
Size 21 cm.
650 #0 - SUBJECT ADDED ENTRY--TOPICAL TERM
Topical term or geographic name as entry element Industrial management.
Source of heading or term Lincoln Electric Company.
9 (RLIN) 171014
942 ## - ADDED ENTRY ELEMENTS (KOHA)
Source of classification or shelving scheme Dewey Decimal Classification
Koha item type Books
Holdings
Lost status Source of classification or shelving scheme Damaged status Not for loan Collection code Permanent Location Current Location Shelving location Date acquired Source of acquisition Cost, normal purchase price Total Checkouts Full call number Date last seen Copy number Koha item type
  Dewey Decimal Classification   Not For Loan Non-fiction Central Library, University of Rajshahi Central Library, University of Rajshahi Reading Room 28/07/1964 Zeithinger 28.00   658.3152 LIN 1961 04/01/2017 C-1 Books